Cartilla laboral y seguridad social

Bibliographic Details
Main Author: Chavarro Cadena, Jorge Enrique
Other Authors: Cortes Guzman, Guillermo
Format: eBook
Language:Spanish
Published: Bogot:̀ Grupo Editorial Nueva Legislacin̤, 2019
Subjects:
Online Access:Acceso restringido

MARC

LEADER 00000nam a22000007a 4500
005 20191015212842.0
007 cr|||| ||||
008 191015s2019 co |||||s|||| 00||0 spa d
020 |a 978-958-52024-4-3 
035 |a 30508 
040 |a vLex 
090 |c 9819  |d 9819 
100 1 |a Chavarro Cadena, Jorge Enrique 
245 1 0 |a Cartilla laboral y seguridad social  |h [Recurso electrn̤ico] /  |c Jorge Enrique Chavarro Cadena, Guillermo Cortes Guzman 
256 |a Servicio en ln̕ea 
260 |a Bogot:̀  |b Grupo Editorial Nueva Legislacin̤,  |c 2019 
300 |a 1 recurso electrn̤ico 
506 1 |a Disponible solo en los productos indicados  |d vLex Global  |d vLex Global (Academic Edition, excluding Law Schools)  |d vLex Global (U.S. Academic Edition, Law Schools)  |d vLex Global (U.S. Academic Edition, excluding Law Schools)  |d vLex Global (Academic Edition, Law Schools) 
650 0 4 |a Derecho Laboral y Seguridad Social  |z Colombia 
700 1 |a Cortes Guzman, Guillermo 
740 0 |a vLex Libros (Servicio en ln̕ea) 
856 4 0 |u http://vlex.com/source/cartilla-laboral-seguridad-social-30508  |z Acceso restringido 
942 |c BOOK 
999 0 |a Labor law and social security